Score 0/32 Timer 05:00
1 Play Today
Clue Word % Correct
Existence, for humans (4 letters)LIFE
95.5%
Raise up an objectLIFT
94.3%
Actor EastwoodCLINT
92.3%
A customer of a lawyerCLIENT
90.3%
Stone for sparkingFLINT
87.8%
Former VP candidate SarahPALIN
81.2%
Make a pass at someoneFLIRT
80.7%
Killed, as a dragonSLAIN
77.3%
Move in an erratic mannerFLIT
76.1%
Language of ancient romeLATIN
72.7%
'Sarah ___ and Tall'PLAIN
71.9%
Look at intenselySTARE
71.1%
Ligament injurySPRAIN
70.8%
Dolor or sorenessPAIN
68.8%
Country of IberiaSPAIN
68.5%
End of existence, for humansDEATH
67.7%
Clue Word % Correct
Had rested in bedLAIN
66%
Bowling scoreSPARE
64.9%
To exert to the utmostSTRAIN
64.6%
Express gratitudeTHANK
63.2%
Taint or discolorSTAIN
63.2%
Open the door for someone (2 words)LET IN
58.4%
Part of a flightSTAIR
52.6%
Gathers cropsREAPS
51.9%
Under, poeticallyNEATH
46.3%
Part of the leg below the kneeSHANK
45.9%
A Scottish noblemanTHANE
38.5%
Alan Ladd westernSHANE
35.8%
A plant binding proteinLECTIN
29.4%
Low tidesNEAPS
29%
Having a pale faceASHEN
29%
A type of treeASPEN
24.8%

Today's Daily Dose

Missing Word
Train Books

Word Ladder
Piano Man

Quick Pick
Google Products

Get the Picture
Moana or Coco

Remove Ads.
Support Sporcle.
Get the best of Sporcle when you Go Orange. This ad-free experience offers more features, more stats, and more fun while also helping to support Sporcle. Thank you for becoming a member.

You're not logged in!

Compare scores with friends on all Sporcle quizzes.
OR
Log In

Show Comments

Extras

Top Quizzes Today


Score Distribution

Your Account Isn't Verified!

In order to create a playlist on Sporcle, you need to verify the email address you used during registration. Go to your Sporcle Settings to finish the process.

Report this User

Report this user for behavior that violates our Community Guidelines.

Details: